000 00584nam a2200229Ia 4500
003 OSt
005 20220928145917.0
006 a|||||r|||| 00| 0
007 ta
008 220927b |||||||| |||| 00| 0 eng d
024 _a85466
037 _cTextual
040 _aSDCL
_cSDCL
_beng
041 _2eng
_aeng
082 _aO:gN, N6
100 _aLucose George
_9514655
245 0 _aSamkaleen Yatharthwad
260 _c1996
700 _a Chauan Karan Singh
_9514656
942 _hO:gN, N6
_cTEXL
_2CC
999 _c837723
_d837723